How to Call People to Islam (Record no. 18623)

MARC details
000 -LEADER
fixed length control field 00576nam a2200241 a 4500
020 ## - INTERNATIONAL STANDARD BOOK NUMBER
ISBN
082 00 - DEWEY DECIMAL CLASSIFICATION NUMBER
Classification number 297.7
Author Cutter SAQ
100 ## - MAIN ENTRY--AUTHOR NAME
Author name Saqr, Abdul Badei
245 ## - TITLE STATEMENT
Title How to Call People to Islam
260 ## - PUBLICATION, DISTRIBUTION, ETC. (IMPRINT)
Place of publication Delhi
Name of publisher Hindustan Publications
Year of publication 1983
300 ## - PHYSICAL DESCRIPTION
Number of Pages 154p
500 ## - GENERAL NOTE
General note includes index and biblioraphy
505 2# - FORMATTED CONTENTS NOTE
Formatted contents note 550p
650 ## - SUBJECT ADDED ENTRY--TOPICAL TERM
Topical Term Dawah-Islam
942 ## - ADDED ENTRY ELEMENTS (KOHA)
Koha item type Books
700 1# -
-- Saqr, Abdul Badei
Holdings
Collection code Home library Current library Date acquired Cost, normal purchase price Full call number Accession Number Koha item type
  Henry Martyn Institute Library Henry Martyn Institute Library 07/12/2007 15.00 297.7 SAQ 11000106 Books
                   Copyright © 2026 | Henry Martyn Institute | Hyderabad | TS-500052 | INDIA | Implemented by hmi.edu.in
Hit-Count:

Powered by Koha